00494nam a2200169 a 450008200140000010000170001424500210003126000480005230000090010050000350010950500300014465000160017470000170019094200080020795200940021599900150030900a239bIMA1 aImaduddin, P aPandhra Lectures aLahorebPunjab Religious Booksociety c1930 a132p aincludes index and biblioraphy2 aDiference Paper and Notes aApologetics1 aImaduddin, P cGSB 00104070aHMIbHMId2008-04-17g100.00l0o239 IMA1p2137r2008-04-17w2026-01-16yARB c1468d1468